000 00837pam a2200229 4500
001 5316
005 20181127175225.0
008 961023s1997 nyu b 000 0 eng
010 _a 96047279
020 _a1559390611
041 1 _aeng
_hsantib
100 0 _aSantideva,
_dactive 7th century.
240 1 0 _aBodhicaryavatara.
_lEnglish
245 1 2 _aA guide to the Bodhisattva way of life =
_bBodhicaryavatara /
_cby Santideva ; translated from the Sanskrit and Tibetan by Vesna A. Wallace and B. Alan Wallace.
246 3 1 _aBodhicaryavatara
260 _aIthaca, N.Y., USA :
_bSnow Lion Publications,
_cc1997.
300 _a151 p. ;
_c23 cm.
504 _aIncludes bibliographical references (p. [145]-151).
650 0 _aMahayana Buddhism
_xDoctrines
_xEarly works to 1800.
700 1 _aWallace, B. Alan.
700 1 _aWallace, Vesna A.
999 _c4459
_d4459